The mystery of the ivory charm (Record no. 8840)

MARC details
000 -LEADER
fixed length control field 00753nam a22002057a 4500
003 - CONTROL NUMBER IDENTIFIER
control field OSt
005 - DATE AND TIME OF LATEST TRANSACTION
control field 20260310032430.0
008 - FIXED-LENGTH DATA ELEMENTS--GENERAL INFORMATION
fixed length control field 260310b |||||||| |||| 00| 0 eng d
020 ## - INTERNATIONAL STANDARD BOOK NUMBER
International Standard Book Number 978-0-448-09513-4
040 ## - CATALOGING SOURCE
Original cataloging agency DWCL GS lib
Transcribing agency OC
082 ## - DEWEY DECIMAL CLASSIFICATION NUMBER
Edition number K26m 1974
100 ## - MAIN ENTRY--PERSONAL NAME
Personal name CAROLYN KEENE
245 ## - TITLE STATEMENT
Title The mystery of the ivory charm
Statement of responsibility, etc. CAROLYN KEENE
300 ## - PHYSICAL DESCRIPTION
Extent vii, 179 pages:
Other physical details illustrations
Dimensions 19 cm.
520 ## - SUMMARY, ETC.
Summary, etc. The Mystery of the Ivory Charm is the 13th volume in the Nancy Drew Mystery Stories, written under the pseudonym Carolyn Keene (originally ghostwritten by Mildred Wirt Benson)
546 ## - LANGUAGE NOTE
Language note English
650 ## - SUBJECT ADDED ENTRY--TOPICAL TERM
Source of heading or term Courage and Bravery, Responsibility and Diligence
650 ## - SUBJECT ADDED ENTRY--TOPICAL TERM
Source of heading or term Honesty and Integrity
942 ## - ADDED ENTRY ELEMENTS (KOHA)
Source of classification or shelving scheme Dewey Decimal Classification
Koha item type Fiction
Classification part Fic.
Suppress in OPAC No

No items available.